| LEADER | 01087nam a2200277 a 4500 | ||
|---|---|---|---|
| 001 | c000179384 | ||
| 003 | CARM | ||
| 005 | 19950706000000.0 | ||
| 008 | 910224s1967 us f000 0 eng d | ||
| 019 | 1 | |a 7962908 |5 LACONCORD2021 | |
| 035 | |a (OCoLC)48983442 |5 LACONCORD2021 | ||
| 040 | |a VCMB |b eng |c VCMB |d VU | ||
| 100 | 1 | |a Riehl, Herbert, |d 1915- | |
| 245 | 1 | 0 | |a Extreme momentum profiles in the troposphere / |c by Herbert Riehl assisted by Robert S. Haltiner. |
| 260 | |a Norfolk, Va. : |b NWRF, |c 1967. | ||
| 300 | |a v,11p. : |b ill. ; |c 27cm. | ||
| 490 | 1 | |a NWRF ; |v 35-0567-124. | |
| 504 | |a Bibliography: p.11. | ||
| 650 | 0 | |a Momentum transfer. | |
| 650 | 0 | |a Troposphere. | |
| 700 | 1 | |a Haltiner, Robert S. | |
| 710 | 1 | |a United States. |b Navy Weather Research Facility. | |
| 810 | 1 | |a United States. |b Navy Weather Research Facility. |t NWRF ; |v 35-0567-124. | |
| 852 | 8 | |b CARM |h A3:AD23E0 |i D06772 |p 0237489 |f BK | |
| 999 | f | f | |i fc00759b-b1c5-51f5-a139-7dce9ca6b20d |s 35bfc77b-d8f2-530e-8a8c-9338a4e5c60b |
| 952 | f | f | |p Can circulate |a CAVAL |b CAVAL |c CAVAL |d CARM 1 Store |e D06772 |f A3:AD23E0 |h Other scheme |i book |m 0237489 |